Statistics for Countries in Russian

Click here to take the quiz!

General Stats

  • This quiz has been taken 48 times
  • The average score is 17 of 20

Answer Stats

Russian (Cyrillic)Russian (Romanized)English% Correct
РоссияRossiyaRussia
100%
НидерландыNiderlandyNetherlands
98%
ПольшаPol'shaPoland
98%
ТурцияTurtsiyaTurkey
98%
КамбоджаKambodzhaCambodia
96%
Южная КореяYuzhnaya KoreyaSouth Korea
96%
ИспанияIspaniyaSpain
96%
ДанияDaniyaDenmark
93%
Кот-д'ИвуарKot-d'IvuarIvory Coast
93%
ВеликобританияVelikobritaniyaUnited Kingdom
89%
ЯпонияYaponiyaJapan
87%
ГаитиGaitiHaiti
84%
ШвецияShvetsiyaSweden
84%
ТайваньTayvan'Taiwan
84%
ШвейцарияShveytsariyaSwitzerland
82%
Соединенные ШтатыSoyedinennyye ShtatyUnited States
76%
ХорватияKhorvatiyaCroatia
73%
ЕгипетYegipetEgypt
69%
КитайKitayChina
67%
ВенгрияVengriyaHungary
67%

Score Distribution

Percentile by Number Answered

Percent of People with Each Score

Your Score History

You have not taken this quiz